000 00238 a2200109 4500
090 _c4540
_d4540
100 _aMoorhead/Griffin
245 _aOrganizational behavior
260 _aNew Delhi
300 _a622
942 _aNBS
_cBK
_k658.3 MOO
999 _c346983
_d346983